000 00571nam a2200205Ia 4500
003 OSt
005 20220928144519.0
006 a|||||r|||| 00| 0
007 ta
008 220927b |||||||| |||| 00| 0 eng d
024 _a71225
037 _cTextual
040 _aSDCL
_cSDCL
_beng
041 _2eng
_aeng
082 _aSM9xM56:g, M4
100 _aAbramson Jeffrey B
_9507906
245 0 _aLiberation and its limits
_b The moral and poltical thought of Freud
942 _hSM9xM56:g, M4
_cTEXL
_2CC
999 _c827426
_d827426